| 000 | 01738nam a2200421 i 4500 | ||
|---|---|---|---|
| 001 | 196962 | ||
| 003 | ES-MaACL | ||
| 005 | 20250816063156.0 | ||
| 008 | 250227s2010 mx | ||||o001 p spa | ||
| 020 |
_a9786074620931 _qObra completa |
||
| 020 |
_a9786074620948 _qTomo I |
||
| 020 |
_a9786074620955 _qTomo II |
||
| 035 | _a(OCoLC)753705737 | ||
| 035 | _a(SpMaBN)a5060142 | ||
| 040 |
_aSpMaBN _bspa _cSpMaBN _erdc |
||
| 080 | _a821.134.2(7/8)-14".../17"(082.2) | ||
| 080 | _a821.134.2-14"15/16"(082.2) | ||
| 245 | 0 | 0 |
_aPoesía novohispana : _bantología / _c[compiladora], Martha Lilia Tenorio ; presentación de Antonio Alatorre. |
| 250 | _aPrimera edición 2010 | ||
| 260 |
_aMéxico D.F. : _bEl Colegio de México, _bFundación para las Letras Mexicanas, _c2010. |
||
| 300 |
_a2 volúmenes (1352 páginas) ; _c23 cm. |
||
| 336 |
_2rdacontent _atexto |
||
| 337 |
_2rdamedia _asin mediación |
||
| 338 |
_2rdacarrier _avolumen |
||
| 500 | _aÍndices | ||
| 600 | 0 | 4 |
_967141 _aJuana Inés de la Cruz, _cSor, _d1651-1695 |
| 650 | 0 |
_aPoesías hispanoamericanas- _yHasta S.XVIII _2embne _9239693 |
|
| 650 | 4 |
_aPoesías españolas- _yS.XVI-XVII _916219 |
|
| 655 | 7 |
_2tgfbne _9176539 _aPoesías |
|
| 700 | 1 |
_aTenorio, Martha Lilia _9239694 _epbl |
|
| 700 | 1 |
_aAlatorre, Antonio _919169 _eaui |
|
| 852 |
_aES-MaACL _cDEPOJ _jN-10431 _xEncuadernación rústica con solapas _9206555 _hDonación: Editorial |
||
| 852 |
_aES-MaACL _cDEPOJ _jN-10432 _xEncuadernación rústica con solapas _9206556 _hDonación: Editorial |
||
| 942 |
_cMONOGRAFIA _n0 |
||
| 999 |
_c196962 _d196962 |
||